MARC details
| 000 -LEADER |
| campo de control de longitud fija |
01810nam a2200349 i 4500 |
| 001 - NÚMERO DE CONTROL |
| campo de control |
193518 |
| 003 - IDENTIFICADOR DE NÚMERO DE CONTROL |
| campo de control |
SpMaBN |
| 005 - FECHA Y HORA DE LA ÚLTIMA TRANSACCIÓN |
| campo de control |
20250712063142.0 |
| 007 - CAMPO FIJO DE DESCRIPCIÓN FÍSICA--INFORMACIÓN GENERAL |
| campo de control de longitud fija |
ta |
| 008 - DATOS DE LONGITUD FIJA--INFORMACIÓN GENERAL |
| campo de control de longitud fija |
240103s2020 sp | |||| 000 0 spa |
| 017 ## - NÚMERO DE COPYRIGHT O DE DEPÓSITO LEGAL |
| Número de copyright o de depósito legal |
M 24485-2020 |
| Agencia que asigna |
Oficina Depósito Legal Madrid |
| 035 ## - NÚMERO DE CONTROL DEL SISTEMA |
| Número de control de sistema |
a6793601 |
| 040 ## - FUENTE DE CATALOGACIÓN |
| Centro catalogador/agencia de origen |
SpMaBN |
| Lengua de catalogación |
spa |
| Centro/agencia transcriptor |
SpMaBN |
| Normas de descripción |
rda |
| Centro/agencia modificador |
Es-MaACL |
| 080 ## - NÚMERO DE LA CLASIFICACIÓN DECIMAL UNIVERSAL |
| Número de la Clasificación Decimal Universal |
82(048) |
| 100 ## - ENTRADA PRINCIPAL--NOMBRE DE PERSONA |
| Nombre de persona |
Martínez-Conde, Ricardo, |
| Fechas asociadas al nombre |
1949- |
| 9 (RLIN) |
234824 |
| Término indicativo de función/relación |
Autor |
| 245 10 - MENCIÓN DEL TÍTULO |
| Título |
Al calor de la lectura V : |
| Resto del título |
reseñas literarias / |
| Mención de responsabilidad, etc. |
Ricardo Martínez ; prólogo, Alfredo Óvilo |
| 250 ## - MENCION DE EDICION |
| Mención de edición |
Primera edición, 2020 |
| 264 #1 - PRODUCCIÓN, PUBLICACIÓN, DISTRIBUCIÓN, FABRICACIÓN Y COPYRIGHT |
| Producción, publicación, distribución, fabricación y copyright |
[Madrid] |
| Nombre del de productor, editor, distribuidor, fabricante |
Editorial Ortigia, |
| Fecha de producción, publicación, distribución, fabricación o copyright |
[2020] |
| 300 ## - DESCRIPCIÓN FÍSICA |
| Extensión |
238 páginas ; |
| Dimensiones |
21 cm |
| 336 ## - TIPO DE CONTENIDO |
| Término de tipo de contenido |
Texto |
| Fuente |
rdacontent |
| 337 ## - TIPO DE MEDIO |
| Nombre/término del tipo de medio |
sin mediación |
| Fuente |
rdamedia |
| 338 ## - TIPO DE SOPORTE |
| Nombre/término del tipo de soporte |
volumen |
| Fuente |
rdacarrier |
| 520 ## - RESUMEN, ETC. |
| Sumario, etc. |
En puridad, las palabras nos hacen; o nos definen, que<br/>viene a ser lo mismo a la hora del ser. Y a su vez las<br/>palabras están hechas de letras, una hermosura gráfi ca y<br/>muda (en apariencia) que las conforman. Sería, entonces,<br/>gramaticalmente injusto (casi moralmente injusto) que<br/>no queramos saber algo acerca de ellas.<br/>*<br/>¡Qué es, al fin, la literatura, sino testimonio personal!<br/>Bien testimonio de observador, bien testimonio de actor,<br/>lo que resulta más decisivo e implicador. |
| 650 #4 - PUNTO DE ACCESO ADICIONAL DE MATERIA--TÉRMINO DE MATERIA |
| Término de materia o nombre geográfico como elemento de entrada |
Literatura- |
| Subdivisión de forma |
Reseñas bibliográficas |
| Fuente del encabezamiento o término |
embne |
| 9 (RLIN) |
14494 |
| 655 #0 - TERMINO DE INDIZACIÓN--GENERO/FORMA |
| Datos o término principal de género/forma |
Reseñas bibliográficas |
| Fuente del término |
tgfbne |
| 9 (RLIN) |
234825 |
| 852 ## - LOCALIZACIÓN |
| Ubicación |
ES-MaACL |
| Sublocalización o colección |
R. 154866 |
| Ubicación en estantería |
Depósito J |
| Número de control de estantería |
N-9704 |
| Donativo/Legado |
Donación: editorial |
| Encuadernación |
Encuadernación rústica con solapas |
| itemnumber |
200999 |
| 942 ## - ELEMENTOS DE ENTRADA SECUNDARIOS (KOHA) |
| Suprimir en OPAC |
No |
| Tipo de ítem Koha |
Libro impreso |